Normal view
MARC view
Entry Personal Name
001 - CONTROL NUMBER
- control field: 20069
003 - CONTROL NUMBER IDENTIFIER
- control field: dpl
005 - DATE AND TIME OF LATEST TRANSACTION
- control field: 20100914155219.0
008 - FIXED-LENGTH DATA ELEMENTS
- fixed length control field: 100914|||a|||||| | ||| d
040 ## - CATALOGING SOURCE
- Original cataloging agency: dpl
- Transcribing agency: dpl
100 ## - HEADING--PERSONAL NAME
- Personal name: Mukesh
670 ## - SOURCE DATA FOUND
- Source citation: Work cat.: (dpl): 17690 Mangeshkar, Lata, Dharti kahe pukar ke /, 1969
670 ## - SOURCE DATA FOUND
- Source citation: Work cat.: (dpl): 17690 Mangeshkar, Lata, Dharti kahe pukar ke /, 1969
